000 00759nam a22002537a 4500
003 0
005 20180807133549.0
008 0
010 _aB-160087
020 _c790.00
_a8178353385
035 _aB-160087, B-160088, B-160095
037 _bCen Lib/Ret
040 _aDPL
_bEN
_c0
082 _a306.87
_bPAT
100 _aPathak, V.N.
_98347
245 _aSuperior human relationship /
_cby V.N. Pathak
260 _aDelhi
_bKalpaz Publications
_c2005
270 _bNew Delhi
_aC-30, satyawati nagar
_e110052
300 _a292p.
_c21cm(Hb)
500 _aIncludes index
650 _aInterpersonal relations in adolescence
_972127
650 _aInterpersonal relations
_xStudy and teaching
_972128
942 _2ddc
_cEN
_h306.87
_mPAT
999 _c123876
_d123876